[Event "98th ch-GBR"]
[Site "Sheffield ENG"]
[Date "2011.07.25"]
[Round "1"]
[White "Almond,R"]
[Black "Lalic,P"]
[Result "0-1"]
[WhiteElo "2121"]
[BlackElo "1978"]
[EventDate "2011.07.25"]

1. d4 Nf6 2. c4 e5 3. dxe5 Ng4 4. e4 Nxe5 5. f4 Nec6 6. Be3 Bb4+ 7. Nc3
Qh4+ 8. g3 Bxc3+ 9. bxc3 Qe7 10. Bd3 Na6 11. Qc2 Nc5 12. Nf3 Nxd3+ 13. Qxd3
d6 14. O-O O-O 15. Rfe1 b6 16. Nd4 Na5 17. Nf3 Nc6 18. a4 a5 19. Nd4 Qd7
20. Nb5 Ne7 21. Rac1 Bb7 22. c5 bxc5 23. Bxc5 Qc6 24. Bf2 f5 25. Nd4 Qxa4
26. e5 dxe5 27. Rxe5 Nc6 28. Rc5 Nxd4 29. cxd4 Be4 30. Qc4+ Qxc4 31. R5xc4
c6 32. Ra1 Rfb8 33. Rca4 Rb2 34. h3 h5 35. Be1 Rg2+ 36. Kf1 Rh2 37. h4 Rb8
38. R4a2 Rh1+ 39. Kf2 Rh3 40. Rxa5 Rh2+ 41. Kg1 Rbb2 0-1

[Event "98th ch-GBR"]
[Site "Sheffield ENG"]
[Date "2011.07.25"]
[Round "1"]
[White "Boulton,William J K"]
[Black "Jones,W"]
[Result "0-1"]
[WhiteElo "1971"]
[BlackElo "2121"]
[EventDate "2011.07.25"]

1. d4 Nf6 2. c4 g6 3. Nc3 Bg7 4. e4 d6 5. Nf3 O-O 6. Be2 e5 7. O-O Nc6 8.
d5 Ne7 9. Ne1 Nd7 10. f3 f5 11. Nd3 f4 12. b4 Nf6 13. c5 g5 14. Ba3 Ng6 15.
Rc1 Rf7 16. Nb2 Bf8 17. Nc4 Rg7 18. cxd6 cxd6 19. b5 b6 20. Bb4 Nh4 21. Qe1
Nh5 22. Qd1 Nf6 23. Qe1 Ne8 24. a4 g4 25. fxg4 Bxg4 26. Bxg4 Rxg4 27. Rc2
Rc8 28. Nb2 Qg5 29. Rff2 Bh6 30. Nd3 Rc7 31. Qb1 Rg7 32. Ne1 f3 33. Nd1
Nxg2 34. Nxg2 fxg2 35. Bd2 Qh5 36. Bxh6 Qxh2+ 0-1

[Event "98th ch-GBR"]
[Site "Sheffield ENG"]
[Date "2011.07.25"]
[Round "1"]
[White "Magee,Ronan"]
[Black "Atako,C"]
[Result "0-1"]
[WhiteElo "1953"]
[BlackElo "2110"]
[EventDate "2011.07.25"]

1. e4 c5 2. Nf3 e6 3. d4 cxd4 4. Nxd4 a6 5. Nc3 Qc7 6. Be2 Nf6 7. a3 Nc6 8.
Be3 Be7 9. O-O O-O 10. Kh1 d6 11. f4 Bd7 12. Bf3 Na5 13. Bf2 Nc4 14. Rb1
Rac8 15. Nde2 b5 16. Qd3 a5 17. Rfc1 b4 18. axb4 axb4 19. b3 Na3 20. Ra1
Qb8 21. Na2 e5 22. Nxb4 Qxb4 23. Be1 Qb8 24. Rxa3 d5 25. Raa1 dxe4 26. Bxe4
exf4 27. Bc3 Bb5 28. Qf3 Bxe2 29. Qxe2 Rxc3 30. Bd3 Bd6 31. Ra6 Qb4 32. Rd1
Re8 33. Qd2 Rxd3 34. Qxd3 Re1+ 0-1

[Event "98th ch-GBR"]
[Site "Sheffield ENG"]
[Date "2011.07.25"]
[Round "1"]
[White "Gregory,S"]
[Black "Foo,William J"]
[Result "1-0"]
[WhiteElo "2109"]
[BlackElo "1893"]
[EventDate "2011.07.25"]

1. e4 c6 2. d4 d5 3. Nc3 dxe4 4. Nxe4 Bf5 5. Ng3 Bg6 6. Nf3 Nd7 7. Be2 e6
8. O-O Ngf6 9. Bd2 c5 10. dxc5 Bxc5 11. b4 Be7 12. c4 O-O 13. Bc3 Rc8 14.
Qb3 Qc7 15. Rac1 e5 16. Nh4 Rfe8 17. Nxg6 hxg6 18. c5 Bf8 19. Bc4 Nb8 20.
Rfe1 b6 21. Ne4 Nxe4 22. Rxe4 bxc5 23. b5 Re7 24. Rce1 Nd7 25. R1e3 Rce8
26. Rh4 g5 27. Bxf7+ Rxf7 28. Rh8+ Kxh8 29. Qxf7 g4 30. Qxe8 Qd6 31. Qh5+
Kg8 32. Qxg4 Qd5 33. Qe2 c4 34. Re4 Qd3 35. Qxd3 cxd3 36. Kf1 Bd6 37. Re3
Nc5 38. Bxe5 1-0

[Event "98th ch-GBR"]
[Site "Sheffield ENG"]
[Date "2011.07.25"]
[Round "1"]
[White "Dines,S"]
[Black "French,A"]
[Result "1/2-1/2"]
[WhiteElo "1889"]
[BlackElo "2103"]
[EventDate "2011.07.25"]

1. e4 Nf6 2. e5 Nd5 3. c4 Nb6 4. d4 d6 5. f4 dxe5 6. fxe5 g6 7. Be3 Bg7 8.
Nf3 c5 9. d5 Bg4 10. Be2 Bxf3 11. Bxf3 Bxe5 12. Bxc5 O-O 13. Qe2 N8d7 14.
Ba3 Qc7 15. Nd2 Bxh2 16. O-O-O Bf4 17. b3 Rfe8 18. Kb1 e6 19. g3 Bxg3 20.
dxe6 Rxe6 21. Qg2 Nf6 22. Ne4 Nxe4 23. Bxe4 Qe5 24. Bc2 Rae8 25. Rh3 Bf4
26. Qh1 Qg7 27. Qxb7 Nxc4 28. Qxa7 Nxa3+ 29. Qxa3 Qe5 30. Rhd3 h5 31. Rd5
Qf6 32. Qa4 Bh6 33. Qd4 Bg7 34. Qxf6 Bxf6 35. Rg1 Re1+ 36. Rxe1 Rxe1+ 37.
Rd1 Re2 38. a4 Bc3 39. Rd3 Bb4 40. Rd4 Bc3 41. Rd3 Bd2 42. Rd4 Bc3 1/2-1/2

[Event "98th ch-GBR"]
[Site "Sheffield ENG"]
[Date "2011.07.25"]
[Round "1"]
[White "McKenna,Jas"]
[Black "Farrall,D"]
[Result "1-0"]
[WhiteElo "2098"]
[BlackElo "1869"]
[EventDate "2011.07.25"]

1. e4 c5 2. Nf3 e6 3. d4 cxd4 4. Nxd4 a6 5. Bd3 Qc7 6. Nc3 Nc6 7. Nxc6 bxc6
8. Qe2 d6 9. a4 a5 10. O-O g6 11. f4 Bg7 12. f5 Be5 13. Bd2 Nf6 14. Kh1 h5
15. fxg6 fxg6 16. Bf4 Bxf4 17. Rxf4 Nd7 18. Raf1 Ne5 19. Qf2 Qe7 20. Qb6
Qb7 21. Qd4 Qe7 22. Nd1 Rg8 23. Ne3 g5 24. Rf6 Rb8 25. Nc4 Nxc4 26. Qxc4
Rb6 27. Qc3 Qa7 28. Rf8+ 1-0